Countries by 3 words - Statistics

General Stats
  • This quiz has been taken 29 times
  • The average score is 22 of 25
Answer Stats
Hints Country % Correct
18) Down under, Outback, Irwins Australia
97%
7) Tim Hortons, ice hockey, mountees Canada
97%
23) Pyramids, Pharaohs, Sahara Egypt
97%
20) Fjords, Thor, Nobel Peace prize Norway
97%
16) Samsung, KIA, Busan South Korea
97%
14) Chocolate, Matterhorn, Alps Switzerland
97%
12) Borscht, Crimea, Chernobyl Ukraine
97%
2) Galapagos, Equator, Chimborazo Ecuador
93%
6) Leif Erikson, Hallgrimskirkja, volcanoes Iceland
93%
15) Petra, desert, Middle East Jordan
93%
8) Aztecs, Tenochtitlan, Mariachi Mexico
93%
17) Andes, Patagonia, Easter island Chile
90%
25) Legoland, Aalborg, Jutland Denmark
90%
9) Bob Marley, jerk chicken, Rastafari Jamaica
90%
3) Saunas, Suomi, Lapland Finland
86%
13) City state, Sistine, Papacy Vatican City
86%
4) Petronas, SE Asia, Ringgit Malaysia
83%
1) Riviera, Casino, F1 Monaco
83%
11) Vistula, kielbasa, Paczki Poland
83%
21) Kilimanjaro, Serengeti, Dodoma Tanzania
83%
10) Castles, Vaduz, German Liechtenstein
79%
19) Oil reserves, wealth, World Cup Qatar
79%
24) Pyrenees, Catalan, Brandy Andorra
69%
22) Carthage, Maghreb, Arabic Tunisia
69%
5) Cox's Bazaar, Monsoons, South Asia Bangladesh
62%
No matching quizzes found
Score Distribution
Percent of People with Each Score
Percentile by Number Answered
Your Score History
You have not taken this quiz